Rent Assessment Panel improvements (Record no. 64176)
[ view plain ]
| 000 -LEADER | |
|---|---|
| fixed length control field | 00927cam a2200205 4500 |
| 008 - FIXED-LENGTH DATA ELEMENTS--GENERAL INFORMATION | |
| fixed length control field | 000000n2000 000 0 eng u |
| 035 ## - SYSTEM CONTROL NUMBER | |
| System control number | (Sirsi) u107338 |
| 245 ## - TITLE STATEMENT | |
| Title | Rent Assessment Panel improvements |
| 260 ## - PUBLICATION, DISTRIBUTION, ETC. | |
| Date of publication, distribution, etc. | 2000 |
| 490 ## - SERIES STATEMENT | |
| Series statement | DETR Press Release |
| Volume/sequential designation | (486) 21 July 2000, (2) |
| 520 ## - SUMMARY, ETC. | |
| Summary, etc. | A report on the review of Rent Assessment Panels in England has just been published. Measures recommended in the report suggest tenants, landlords and leaseholders can expect a speedier, better quality service from Panels in future. Copies of the key findings of 'Rent Assessment Panels: Financial Management and Policy Review' are available at: www.detr.gov.uk |
| 590 ## - LOCAL NOTE (RLIN) | |
| Local note | WB |
| 650 ## - SUBJECT ADDED ENTRY--TOPICAL TERM | |
| Topical term or geographic name entry element | RENT ASSESSMENT PANEL |
| 650 ## - SUBJECT ADDED ENTRY--TOPICAL TERM | |
| Topical term or geographic name entry element | LEASEHOLDERS |
| 650 ## - SUBJECT ADDED ENTRY--TOPICAL TERM | |
| Topical term or geographic name entry element | LANDLORD |
| 650 ## - SUBJECT ADDED ENTRY--TOPICAL TERM | |
| Topical term or geographic name entry element | TENANT |
| 650 ## - SUBJECT ADDED ENTRY--TOPICAL TERM | |
| Topical term or geographic name entry element | RENT ASSESSMENT PANELS: FINANCIAL AND MANAGEMENT REVIEW |
| 690 ## - LOCAL SUBJECT ADDED ENTRY--TOPICAL TERM (OCLC, RLIN) | |
| Topical term or geographic name as entry element | LANDLORD AND TENANT-RENT REVIEWS |
| 942 ## - ADDED ENTRY ELEMENTS (KOHA) | |
| Suppress in OPAC | 0 |
| Withdrawn status | Lost status | Source of classification or shelving scheme | Damaged status | Not for loan | Home library | Current library | Shelving location | Date acquired | Total Checkouts | Barcode | Date last seen | Copy number | Price effective from | Koha item type |
|---|---|---|---|---|---|---|---|---|---|---|---|---|---|---|
| Dewey Decimal Classification | London | London | News article | 26/07/2000 | 107338-1001 | 06/08/2019 | 1 | 06/08/2019 | News article |